000 00593nam a2200205 a 4500
001 54686
003 BD-RjUL
005 20211209080145.0
008 161108s1983 nyu||||| |||| 00| 0 eng d
035 _a(BD-RjUL) 54808
040 _aBD-RjUL
_beng
_cBD-RjUL
041 _aeng
082 _223
_a519.5
_bCAS 1983
100 _aCaulcutt, Roland
_9154581
245 _aStatistics in research and development /
_cRoland Caulcutt.
260 _a New York :
_bChapman and Hall,
_cc1983.
300 _avii, 352 p. :
_bill. ;
_c24 cm.
650 _aStatistical Mathematics
_9163077
942 _2ddc
_cBK
999 _c54686
_d54686